名字含颜色的县区#1 Counties with color in their names - Statistics

General Stats
  • This quiz has been taken 128 times
  • The average score is 36 of 60
Answer Stats
地级行政区 县区 % Correct
沧州市 青县
94%
红河哈尼族彝族自治州 红河县
89%
包头市 青山区
88%
武汉市 青山区
88%
青岛市 黄岛区
86%
黄山市 黄山区
85%
上海市 黄浦区
84%
武汉市 黄陂区
82%
上海市 青浦区
82%
广州市 黄埔区
80%
西安市 蓝田县
78%
黄冈市 黄州区
76%
天津市 西青区
76%
赤峰市 红山区
74%
沧州市 黄骅市
74%
潍坊市 青州市
73%
黄冈市 红安县
72%
成都市 青羊区
72%
天津市 红桥区
68%
南昌市 红谷滩区
66%
成都市 青白江区
66%
南昌市 青云谱区
66%
南昌市 青山湖区
62%
台州市 黄岩区
61%
绿 长春市 绿园区
60%
安康市 紫阳县
60%
永州市 蓝山县
59%
锡林郭勒盟 正蓝旗
59%
丽水市 青田县
58%
兰州市 红古区
56%
新乡市 红旗区
54%
黄石市 黄石港区
54%
锡林郭勒盟 镶黄旗
53%
玉溪市 红塔区
52%
延安市 黄陵县
52%
南宁市 青秀区
52%
池州市 青阳县
52%
阿坝藏族羌族自治州 红原县
51%
安阳市 内黄县
51%
九江市 共青城市
51%
秦皇岛市 青龙满族自治县
51%
河源市 紫金县
51%
黄冈市 黄梅县
49%
广元市 青川县
48%
阿勒泰地区 青河县
48%
吴忠市 青铜峡市
46%
安顺市 紫云苗族布依族自治县
45%
吴忠市 红寺堡区
44%
绿 红河哈尼族彝族自治州 绿春县
44%
延安市 黄龙县
42%
黔东南苗族侗族自治州 黄平县
42%
眉山市 青神县
42%
遵义市 红花岗区
41%
淄博市 高青县
41%
抚州市 宜黄县
38%
吉安市 青原区
38%
大庆市 红岗区
36%
绥化市 青冈县
33%
昌都市 丁青县
32%
那曲市 巴青县
29%
No matching quizzes found
Score Distribution
Percent of People with Each Score
Percentile by Number Answered
Your Score History
You have not taken this quiz